Adopt Me Pets (#-M) - Statistics

General Stats
  • This quiz has been taken 19 times
  • The average score is 22 of 465
Answer Stats
Update Answer % Correct
Original Cat
36%
Aussie Egg Kangaroo
36%
Sugarfest Candicorn
27%
Sugarfest Cocoadile
27%
Farm Egg Cow
27%
Original Dog
27%
2019 Christmas Frost Dragon
27%
Safari Giraffe
27%
Urban Egg Alley Cat
18%
2019 Christmas Arctic Reindeer
18%
Original Buffalo
18%
2024 Easter Candyfloss Chick
18%
Farm Pet Caterpillar
18%
Farm Egg Crow
18%
Fossil Egg Dodo
18%
Original Dragon
18%
Gibbon Fairground Gibbon
18%
2023 Spring Festival Hare
18%
Original Horse
18%
UGC Jellyfish
18%
Safari Egg Lion
18%
Monkey Fairground Monkey
18%
Butterfly 2021 Uplift Butterfly
9%
5th Birthday 2022 Uplift Butterfly
9%
April Fools 2021 2D Kitty
9%
Desert Abyssinian Cat
9%
Snow Weather Albatross
9%
2020 Halloween Albino Bat
9%
Gorilla Fairground Albino Gorilla
9%
Monkey Fairground Albino Monkey
9%
Egg Switch Alicorn
9%
Farm Pet Alpaca
9%
Lunar New Year 2023 Amami Rabbit
9%
Butterfly Sanctuary Amber Butterfly
9%
Egg Switch Ancient Dragon
9%
Danger Egg Angler Fish
9%
2025 Christmas Angus Cow
9%
Fossil Isle Excavation Ankylosaurus
9%
Sugarfest Apple Owl
9%
2025 Christmas Arctic Dusk Dragon
9%
2025 Christmas Arctic Fox
9%
2023 Summer Festival Arctic Tern
9%
Desert Egg Armadillo
9%
Fire Dimension Ash Zebra
9%
Gorilla Fairground Astronaut Gorilla
9%
2024 Winter Festival Aurora Fox
9%
Aussie Egg Australian Kelpie
9%
Summer Sale Axolotl
9%
2025 Halloween Aye Aye
9%
Fall Weather Badger
9%
Japan Egg Baku
9%
2024 Summer Festival Bald Eagle
9%
2024 Summer State Fair Balloon Unicorn
9%
Aussie Egg Bandicoot
9%
2022 Halloween Basilisk
9%
2020 Halloween Bat
9%
2019 Halloween Bat Dragon
9%
2024 Winter Festival Bauble Buddies
9%
Original Beaver
9%
2019 Coffee Shop Bee
9%
2023 Christmas Beluga Whale
9%
Urban Egg Billy Goat
9%
Southeast Asia Egg Binturong
9%
VIP Room Refresh Black Chow-Chow
9%
Urban Egg Black Kite
9%
Southeast Asia Black Macaque
9%
2024 Games Black Marlin
9%
2023 Lunar New Year Black Moon Bear
9%
Jungle Egg Black Panther
9%
Endangered Egg Black Rhino
9%
2022 Easter Black Springer Spaniel
9%
2025 Halloween Black Widow
9%
Fire Dimension Blazing Lion
9%
Some update in 2023 Bloodhound
9%
2025 Lunar New Year Blossom Snake
9%
2024 Summer State Fair Blue Betta Fish
9%
Butterfly Sancturary Blue Butterfly
9%
Original Blue Dog
9%
Garden Egg Blue Jay
9%
Endangered Egg Blue Whale
9%
2023 Spring Festival Border Collie
9%
Fossil Isle Brachiosaurus
9%
Jungle Egg Brown Bear
9%
2022 Easter Brown Springer Spaniel
9%
Woodland Egg Bullfrog
9%
Original Bunny
9%
2025 Winter Festival Bunny Swirl
9%
Fire Dimension Burning Bunny
9%
2024 Games Bush Elephant
9%
Monkey Fair Ground Business Monkey
9%
Cherry Blossom Cabbit
9%
Desert Egg Cactus Friend
9%
Egg Switch Camel
9%
Farm Pet Canadian Goose
9%
2023 Winter Festival Candy Hare
9%
Space Home Capricorn
9%
Capuchin Fairground Capuchin Monkey
9%
Jungle Egg Capybara
9%
Jungle Zone Cassowary
9%
2023 Summer Festival Castle Hermit Crab
9%
2020 Halloween Cerberus
9%
Task Board Chameleon
9%
2024 Games Cheetah
9%
2020 Easter Chick
9%
2022 Halloween Chickatrice
9%
Farm Egg Chicken
9%
2022 Halloween Chimera
9%
2026 Valentines Chipmunk
9%
Sugarfest Chocobunny
9%
2023 Winter Festival Chocolate Chip Bat Dragon
9%
Original Chocolate Labrador
9%
Ice Cream Shop Choco Penguin
9%
Classic Classic Teapot
9%
2025 St. Patrick's Day Clover Cow
9%
Ocean Egg Clownfish
9%
Sky Castle Cobra
9%
Urban Egg Cockroach
9%
2025 Summer Festival Coconut Friend
9%
2024 Winter Festival Cold Cube
9%
Egg Switch Corgi
9%
2024 Summer State Fair Corn Doggo
9%
Desert Egg Coyote
9%
Ocean Crab
9%
Jungle Egg Crocodile
9%
2019 Christmas Dalmation
9%
2022 Lunar New Year Dancing Dragon
9%
Ice Cream Penguin Dango Penguins
9%
Star Rewards Diamond Dragon
9%
Star Rewards Diamond Griffin
9%
Hamster Diamond Hamster
9%
Pets+ Diamond Hummingbird
9%
King Penguin Diamond King Penguin
9%
Farm Shop Diamond Ladybug
9%
Beach Refresh Diamond Mahi Mahi
9%
Star Rewards Diamond Unicorn
9%
Aussie Egg Dingo
9%
Ocean Egg Dolphin
9%
Egg Switch Donkey
9%
Japan Egg Dugong
9%
Trading Imporvement Eel
9%
Safari Egg Elephant
9%
Aussie Egg Emu
9%
2022 Winter Festival Ermine
9%
Original Fennec Fox
9%
Camp Shop Refresh Firefly
9%
Fire Dimension Flaming Fox
9%
Safari Egg Flamingo
9%
Aussie Egg Frog
9%
Ice Dimension Frostbite Bear
9%
Some update in 2023 Frost Unicorn
9%
2023 Halloween Ghost
9%
2020 Halloween Ghost Bunny
9%
2024 Halloween Ghost Chick
9%
Star Reward Ginger Cat
9%
2023 Winter Festival Glacier Kitsune
9%
Moon Egg Glormy Dolphin
9%
Celestial Summer Glormy Hound
9%
2022 Pride Goat
9%
VIP Room Golden Chow-Chow
9%
Star Rewards Golden Dragon
9%
Star Rewards Golden Griffin
9%
Hamster Golden Hamster
9%
Ice Cream Parlor Golden King Penguin
9%
Farm Shop Golden Ladybug
9%
Ice Cream Parlor Golden Penguin
9%
2020 Lunar New year Golden Rat
9%
Star Rewards Golden Unicorn
9%
Mythic Egg Goldhorn
9%
Beach Refresh Gold Mahi Mahi
9%
2023 Spring Goose
9%
Original Griffin
9%
Groundhog Day Groundhog
9%
Fossil Egg Ground Sloth
9%
2021 Lunar New Year Guardian Lion
9%
Hamster Hamster
9%
Woodland Egg Hawk
9%
2019 Christmas Hedgehog
9%
2023 Summer Festival Hermit Crab
9%
Pets+ Hummingbird
9%
2021 Winter Festival Husky
9%
Mythic Egg Hydra
9%
2022 Winter Festival Ice Wolf
9%
Gibbon Fairground Influencer Gibbon
9%
2019 Coffee Shop King Bee
9%
2022 Ice Cream Refresh King Penguin
9%
Some update in 2020 Kitsune
9%
Aviator Kiwi Kiwi
9%
Aussie Egg Koala
9%
2024 Ocean Kraken
9%
Farm Shop Refresh Ladybug
9%
2022 Compensation Gift Lavender Dragon
9%
Farm Egg Llama
9%
2023 Summer Festival Lobster
9%
2025 Valentines Love Bird
9%
2021 Lunar New Year Lunar Ox
9%
2022 Lunar New Year Lunar Tiger
9%
2022 Lunar New Year Lunar White Tiger
9%
2020 Winter Festival Lynx
9%
Beach Refresh Mahi Mahi
9%
2023 Summer Festival Many Mackerel
9%
2023 Black Friday Mecha Meow
9%
2022 April Fools Mechapup
9%
Cherry Blossom Mecha R4bbit
9%
Safari Egg Meerkat
9%
2021 Lunar New Year Metal Ox
9%
Garden Egg Mole
9%
Urban Egg Mongoose
9%
Egg Refresh Mouse
9%
Homepass Munchkin Cat
9%
Garden Egg Mushroom Friend
9%
8th Birthday 2025 Uplift Butterfly
0%
Sugarfest Admin Abuse Egg
0%
UGC Reward Pet African Wild Dog
0%
Jungle Zone Anglefish
0%
2025 Christmas Angus Bull
0%
2025 Christmas Angus Calf
0%
2025 Winter Festival Arctic Hare
0%
Aussie Egg Aussie Egg
0%
Aztec Egg Aztec Egg
0%
Cherry Blossom Bakenko
0%
Southeast Asia Egg Bali Starling
0%
Southeast Asia Egg Banded Palm Civet
0%
Pet Release Basic Egg
0%
2024 Winter Festival Berry Cool Cube
0%
Jungle Zone Bird of Paradise
0%
6th Birthday Birthday Butterfly 2023
0%
7th Birthday Birthday Butterfly 2024
0%
2022 Fall Weather Black-Chested Pheasant
0%
Endangered Egg Black-Footed Ferret
0%
Endangered Egg Black Tiger
0%
Urban Egg Bluebottle Fly
0%
Original Blue Egg
0%
Danger Egg Blue Ringed Octopus
0%
Danger Egg Borhyaena Gigantica
0%
2022 Fall Weather Brown-Chested Pheasant
0%
2023 Pride Caelum Cervi
0%
Endangered Egg California Condor
0%
2024 Easter Candy Cane Snail
0%
Aztec Egg Chanekeh
0%
Gorilla Fairgound Chef Gorilla
0%
2026 Valentines Cherub Chipmunk
0%
2025 Halloween Chilling Spider
0%
VIP Room Refresh Chocolate Chow-Chow
0%
2019 Christmas Christmas Egg
0%
2023 Winter Festival Christmas Future Egg
0%
2023 Winter Festival Christmas Pudding Pup
0%
2025 Winter Festival Christmas Spirit
0%
Fruit Owl Clementine Owl
0%
2024 Summer State Fair Cow Calf
0%
2025 Winter Festival Cozy Mistletroll
0%
Original Cracked Egg
0%
Desert Egg Criosphinx
0%
2025 Halloween Cryptid
0%
Pet Release Crystal Egg
0%
Sky Castle Refresh Cuddly Candle
0%
2025 Valentines Cupid Dragon
0%
2023 Halloween Cute-A-Cabra
0%
Danger Egg Danger Egg
0%
Desert Egg Deathstalker Scorpion
0%
Fossil Egg Deinonychus
0%
Desert Egg Desert Egg
0%
Snow Weather Diamond Albatross
0%
Rain Weather Diamond Amazon
0%
Butterfly Sanctuary Diamond Butterfly
0%
Star Rewards Diamond Egg
0%
Fossil Egg Dilophasaurus
0%
Moon Egg Dimension Drifter
0%
Fossil Isle Excavation Dimorphodon
0%
2023 Halloween Dire Stag
0%
Pet Release Dire Wolf
0%
2025 Halloween DJ Snooze
0%
2024 Easter Dotted Eggy
0%
Ocean Dracula Fish
0%
2024 Halloween Dracula Parrot
0%
Egg Switch Dragonfly
0%
Fruit Owl Dragonfruit Fox
0%
Farm Egg Drake
0%
Doll Dylan
0%
2020 Easter Easter 2020 Egg
0%
2023 Winter Festaval Eggnog Dog
0%
2023 Winter Festival Eggnog Hare
0%
Aztech Egg Ehecatl
0%
Fossil Isle Excavation Elasmosaurus
0%
Pet Pen Emberlight
0%
Gorilla Fairground Emperor Gorilla
0%
2025 Summer Festival Emperor Shrimp
0%
Endangered Egg Endangered Egg
0%
Farm Zone English Sheepdog
0%
2022 Halloween Evil Basilisk
0%
2024 Halloween Evil Chick
0%
2022 Halloween Evil Chickatrice
0%
2023 Halloween Evil Rock
0%
2019 Halloween Evil Unicorn
0%
2024 Winter Festival Fairy Bat Dragon
0%
Woodland Egg Fallow Deer
0%
2024 Lunar New Year Fanghorn Tortoise
0%
Farm Egg Farm Egg
0%
Meme Pet Feesh
0%
Spring Festival Field Mouse
0%
Gibbon Fairground Firefighter Gibbon
0%
2026 Valentines Fire Foal
0%
2026 Valentines Fire Mare
0%
2026 Valentines Fire Stallion
0%
Fire Dimension Flaming Zebra
0%
2023 Winter Festival Fleur De Ice
0%
2024 Easter Floral Eggy
0%
2023 Spring Festival Flower Power Duckling
0%
2023 Summer Festival Flying Fish
0%
2023 April Fools Fool Egg
0%
Jungle Zone Fossa
0%
Fossil Egg Fossil Egg
0%
2024 Halloween Frankenfeline
0%
Homepass French Bulldog
0%
Meme Pet Frogspawn
0%
2024 Winter Festival Frostbite Cub
0%
2024 Winter Festival Frostclaw
0%
2020 Winter Festival Frost Fury
0%
2025 Winter Festival Frost Phoenix
0%
Ice Dimension Frozen Penguin
0%
2025 St. Patrick's Day Gaelic Fae
0%
Endangered Egg Galapagos Sea Lion
0%
Garden Egg Garden Egg
0%
Garden Egg Garden Snake
0%
Urban Egg Gargoyle
0%
Southeast Asia Egg Gecko
0%
Inspector Shephard German Shepherd
0%
2023 Halloween Ghost Dog
0%
2025 Halloween Ghostly Cat
0%
2022 Halloween Ghost Wolf
0%
Jungle Zone Giant Anteater
0%
Desert Giant Black Scarab
0%
Desert Giant Blue Scarab
0%
Desert Giant Gold Scarab
0%
Pet Release Giant Panda
0%
Desert Egg Gila Monster
0%
2025 Lunar New Year Gilded Snake
0%
2023 Winter Festival Gingerbread Hare
0%
2023 Winter Festival Gingerbread Mouse
0%
2022 Winter Festival Gingerbread Reindeer
0%
Some update in 2023 Glacier Moth
0%
Celestial Summer Glormy Leo
0%
Fossil Egg Glyptodon
0%
Snow Weather Golden Albatross
0%
Star Rewards Golden Egg
0%
Pets+ Golden Hummingbrid
0%
2024 Dia De Los Muertos Golden Jaguar
0%
Garden Egg Golden Tortoise Beetle
0%
2021 Christmas Golden Walrus
0%
Pool Shop Refresh Goldfish
0%
Gorilla Fairground Gorilla
0%
2024 Dia De Los Muertos Grave Owl
0%
2024 Winter Festival Great Pyrenees
0%
Rain Weather Green Amazon
0%
Butterfly Sanctuary Green Butterfly
0%
Fall Weather Green-Chested Pheasant
0%
2024 Halloween Grim Dragon
0%
Sky Castle Refresh Grinmoire
0%
Sugarfest Gumball Caterpillar
0%
Sugarfest Gummy Guana
0%
2025 Lunar New Year Haetae
0%
2021 Halloween Halloween Black Mummy Cat
0%
2021 Halloween Halloween Blue Scorpion
0%
2021 Halloween Halloween Evil Dachshund
0%
2021 Halloween Halloween Golden Mummy Cat
0%
2021 Halloween Halloween White Ghost Dragon
0%
2021 Halloween Halloween White Mummy Cat
0%
2021 Halloween Halloween White Skeleton Dog
0%
2025 Summer Festival Hammerhead Shark
0%
2023 Summer Festival Happy Clam
0%
2023 Spring Festival Happy Duckling
0%
2023 Winter Festival Harp Seal
0%
2024 Halloween Headless Horse
0%
Gibbon Fairground Hero Gibbon
0%
Scottish Pet Highland Cow
0%
Danger Egg Hippo
0%
Some update in 2024 Hippogriff
0%
UGC Honey Badger
0%
Moon Egg Hopbop
0%
2023 Summer Festival Hot Doggo
0%
2025 Winter Festival Humbug
0%
Safari Egg Hyena
0%
Winged Horse/Ibex Ibex
0%
Japan Egg Ibis
0%
2023 Summer Festival Ice Cream Hermit Crab
0%
2024 Winter Festival Ice Cube
0%
2021 Winter Festival Ice Golem
0%
2022 Winter Festival Ice Moth Dragon
0%
Ice Dimension Icy Porcupine
0%
2024 Halloween Indian Flying Fox
0%
Urban Egg Indian Leopard
0%
Capuchin Fairground Inmate Capuchin Monkey
0%
2022 Winter Festival Irish Elk
0%
UGC Irish Water Spaniel
0%
2025 Summer Festival Island Tarsier
0%
Japan Egg Japan Egg
0%
2025 Winter Festival Japanese Snow Fairy
0%
2024 Halloween Jekyll Hydra
0%
Sugarfest Jiggly Jerboa
0%
2022 Halloween Jousting Horse
0%
2025 Halloween Jumping Spider
0%
Jungle Egg Jungle Egg
0%
Cherry Blossom Kage Crow
0%
Cherry Blossom Kaijunior
0%
Endangered Egg Kakapo
0%
Cherry Blossom Kappakid
0%
Gorilla Fairground Karate Gorilla
0%
2025 Summer Festival Kelp Captain
0%
2025 Summer Festival Kelp Crewmate
0%
2025 Summer Festival Kelp Hunter
0%
2025 Summer Festival Kelp Raider
0%
2024 Summer State Fair Kid Goat
0%
Mythic Egg Kirin
0%
2025 Halloween Kitty Bat
0%
Japan Egg Koi Carp
0%
Southeast Asia Egg Komodo Dragon
0%
Aussie Zone Kookaburra
0%
2021 Easter Lamb
0%
Danger Egg Lammergeier
0%
Sugarfest Latte Kitsune
0%
2022 Halloween Lava Dragon
0%
2022 Halloween Lava Wolf
0%
Japan Egg Leopard Cat
0%
2023 Summer Festival Leopard Shark
0%
2023 Summer Festival Leviathan
0%
Danger Egg Liger
0%
Safari Zone Lion Cub
0%
2024 Ocean Lionfish
0%
Some update in 2023 Longhorn Cow
0%
2022 Lunar New Year Lunar Gold Tiger
0%
2023 Lunar New Year Lunar Moon Bear
0%
Fire Dimension Magma Moose
0%
Fire Dimension Magma Snail
0%
Pet Release Magpie
0%
2025 Winter Festival Maine Coon
0%
2024 Summer State Fair Majestic Pony
0%
Southeast Asia Egg Malayan Tapir
0%
Southeast Asia Egg Maleo Bird
0%
Japan Egg Maneki-Neko
0%
2025 Summer Festival Manta Ray
0%
2024 Halloween Marabou Stork
0%
Mythic Egg Merhorse
0%
2025 Summer Festival Mermicorn
0%
2024 Winter Festival Merry Mistletroll
0%
Endangered Egg Mexican Wolf
0%
2024 Lunar New Year Midnight Dragon
0%
2024 Summer State Fair Mini Pig
0%
Homepass Mini Schnauzer
0%
Cherry Blossom Mirai Moth
0%
2024 Winter Festival Mistletroll
0%
Sugarfest Mochi Meow
0%
Camp Shop Refresh Momma Moose
0%
Monkey Fairground Monkey King
0%
Butterfly Sanctuar Moonbeam Butterfly
0%
Moon Egg Moon Egg
0%
2024 Celestial Summer Moonlight Moth
0%
Moon Egg Moonpine
0%
2023 Lunar New Year Moon Rabbit
0%
Camp Shop Refresh Moose Calf
0%
Danger Egg Mosquito
0%
2025 Winter Festival Mrs. Whiskerpips
0%
2024 Winter Festival Mr. Whiskerpips
0%
2022 Halloween Mule
0%
2020 Winter Festival Musk Ox
0%
Camp Shop Refresh Muskrat
0%
Mythic Egg Mythic Egg
0%
No matching quizzes found
Score Distribution
Percent of People with Each Score
Percentile by Number Answered
Your Score History
You have not taken this quiz